Responses for Show #1637 - Tuesday, October 15, 1991

Leszek Pawlowicz game 4.

Contestants

[<< previous game]

Paul Redford, a graphic artist and copywriter from Denver, Colorado

Steve Kamin, a physician originally from Boston, Massachusetts

Leszek Pawlowicz, a materials scientist from Phoenix, Arizona (whose 3-day cash winnings total $35,001)

[next game >>]

Jeopardy! Round responses

THE BIBLE
MATHEMATICS
GEMS
THEATRE
FLAGS
DUELING
    $100 20
locust

Leszek
    $100 1
9

Leszek
    $100 6
a pearl

Leszek
    $100 11
Neil Simon

Paul
    $100 14
a parrot

Leszek
    $100 22
(Jim) Bowie

Leszek
    $200 27
Sheba

Leszek
    $200 2
decimal

Leszek
    $200 7
tourmaline

Leszek
    $200 12
Shaw

Leszek
    $200 15
the U.S.

Leszek
    $200 23
Aaron Burr

Leszek
    $300 28
Isaac

Leszek
    $300 3
the cosine

Leszek
    $300 8
cat's eyes

Leszek
    $500 13
(Alex: Leszek?)
(Leszek: I have no idea.)

Tennessee Williams

Leszek
    $300 16
a cross

Leszek
    $300 24
London

Leszek
    $400 29
the pale horse

Leszek
    $400 4
invert it

Leszek
    $400 9
(Leszek: What are diamonds?)

opals

LeszekPaul
    $400 19
the St. Bartholomew's Day Massacre

Steve
    $400 17
Liberia

Paul
    $400 25
paces

Leszek
    $500 30
[Applause for Leszek running another category.]

his friends

Leszek
    $500 5
(Alex: Well done in the MATHEMATICS category; clean sweep, $1,500.)
[Applause]

2(pi)r

Leszek
    $500 10
Brazil

Steve
    $500 21
(Paul: What is Mexico?)

Peru

LeszekPaul
    $500 18
a dragon

Leszek
    $500 26
[Applause for Leszek running the category.]

Andrew Jackson

Leszek

Scores at the first commercial break (after clue 15):

Leszek Steve Paul
$1,700 $500 $500

Scores at the end of the Jeopardy! Round:

Leszek Steve Paul
$6,000 $900 $400

Double Jeopardy! Round responses

19th CENTURY AMERICA
10-LETTER WORDS
EARTH SCIENCE
SONNETS
MOVIE DIRECTORS
GEOGRAPHIC CAPES
    $200 23
Boss Tweed

Leszek
    $200 11
a rendezvous

Leszek
    $200 4
the core

Leszek
    $200 1
Shakespeare

Steve
    $200 12
Francis Ford Coppola

Leszek
    $200 7
the Cape of Good Hope

Steve
    $400 24
Seward

Leszek
    $400 20
an evangelist

Steve
    $400 5
the Magnetic North & South Poles

Leszek
    $600 2
Robert Browning

Steve
    $400 13
(Paul: Who is... Bertolucci?)

Sergio Leone

LeszekPaul
    $400 8
Cape Horn

Leszek
    $2,600 25
Senator from Illinois

Leszek
    $600 28
a matriarchy

Leszek
    $600 6
the ice age

Steve
    $600 3
Rossetti

Leszek
    $600 14
Blake Edwards

Leszek
    $600 16
Flattery

Triple Stumper
    $800 26
(Paul: Who is Jane Addams?)

Dorothea Dix

Paul
Triple Stumper
    $800 29
Promethean

Leszek
    $800 9
the confluence

Leszek
    $800 21
(Leszek: What is Latin?)

Italian

LeszekPaul
    $800 15
John Ford

Steve
    $800 17
Cape May

Steve
    $1000 27
(Samuel) Gompers

Leszek
    $1000 30
an embankment

Steve
    $1000 10
the focus

Triple Stumper
    $1000 22
Laura

Steve
    $1000 19
(Martin) Scorsese

Leszek
    $1000 18
the Cape Verde Islands

Leszek

Scores at the end of the Double Jeopardy! Round:

Leszek Steve Paul
$16,600 $6,500 $0
(lock game)

[wagering suggestions for these scores]

Final Jeopardy! Round responses

U.S. PRESIDENTS
(Alex: Relating to the blowing up of PT-109 and then the rescue effort.)
SteveWho was J F Kennedy?
$6,500
LeszekWho was J F Kennedy
$3,599
John Fitzgerald Kennedy

Final scores:

Leszek Steve Paul
$20,199 $13,000 $0
4-day champion: $55,200 2nd place: trip on Delta to the Bahamas & stay at Divi Bahamas Resort + Jeopardy! home game or Jeopardy! Challenger 3rd place: Pro-Form 3001-STX stepper + Jeopardy! home game or Jeopardy! Challenger

Game dynamics:

Coryat scores:

Leszek Steve Paul
$15,100 $6,300 $0
41 R
(including 1 DD),
3 W
(including 1 DD)
11 R
(including 1 DD),
0 W
4 R,
3 W

Combined Coryat: $21,400

[game clues] [game scores] [suggest correction]

Game tape date: 1991-08-26
The J! Archive is created by fans, for fans. Scraping, republication, monetization, and malicious use prohibited; this site may use cookies and collect identifying information. See terms. The Jeopardy! game show and all elements thereof, including but not limited to copyright and trademark thereto, are the property of Jeopardy Productions, Inc. and are protected under law. This website is not affiliated with, sponsored by, or operated by Jeopardy Productions, Inc. Join the discussion at JBoard.tv.